Las nuevas monjas / (Record no. 112950)

MARC details
000 -LEADER
campo de control de longitud fija 00580nam a2200193 i 4500
001 - NÚMERO DE CONTROL
campo de control 112950
003 - IDENTIFICADOR DE NÚMERO DE CONTROL
campo de control ES-MaACL
005 - FECHA Y HORA DE LA ÚLTIMA TRANSACCIÓN
campo de control 20230906185716.0
007 - CAMPO FIJO DE DESCRIPCIÓN FÍSICA--INFORMACIÓN GENERAL
campo de control de longitud fija t|
008 - DATOS DE LONGITUD FIJA--INFORMACIÓN GENERAL
campo de control de longitud fija 061121s1969 sp r ||||1| spa d
100 1# - ENTRADA PRINCIPAL--NOMBRE DE PERSONA
Nombre de persona Muckenhirn, Charles Borromeo.
9 (RLIN) 84018
245 14 - MENCIÓN DEL TÍTULO
Título Las nuevas monjas /
Mención de responsabilidad, etc. Sor M. Charles Borromeo, C. S. C. ; traducido por Amparo García Burgos.
250 ## - MENCION DE EDICION
Mención de edición 1ª ed.
260 ## - PUBLICACIÓN, DISTRIBUCIÓN, ETC.
Lugar de publicación, distribución, etc. Barcelona :
Nombre del editor, distribuidor, etc. Grijalbo,
Fecha de publicación, distribución, etc. 1969.
300 ## - DESCRIPCIÓN FÍSICA
Extensión 195 p. ;
Dimensiones 20 cm.
650 04 - PUNTO DE ACCESO ADICIONAL DE MATERIA--TÉRMINO DE MATERIA
Término de materia o nombre geográfico como elemento de entrada Religiosas.
9 (RLIN) 16826
700 1# - ENTRADA AGREGADA--NOMBRE PERSONAL
Nombre de persona García Burgos, Amparo.
9 (RLIN) 54298
852 ## - LOCALIZACIÓN
Ubicación ES-MaACL
Número de control de estantería C-51084
Holdings
Estatus retirado Estado de pérdida Estado de daño No para préstamo Biblioteca de origen Biblioteca actual Ubicación en estantería Fecha de adquisición Fuente de adquisición Total de préstamos Signatura topográfica completa Código de barras Visto por última vez Precio de reemplazo Tipo de ítem Koha
        Biblioteca del Ateneo de Madrid Biblioteca del Ateneo de Madrid Depósito 2 17/01/2008     C-51084 1117817 23/02/2023 23/02/2023 Libro impreso